01353nam a2200337 i 4500001001000000003000900010005001700019007000300036008004100039020001500080040003000095082003100125100004400156245013700200264003700337300005600374336002700430337003300457338002800490490003700518500006200555504004100617590002600658650005900684650004700743700002800790910004000818942001200858952012800870999001700998000016779DO-SdBPM20250623092218.0ta100310s2000 dr ac r 001 0 spa d a9993481912 aDO-SdBPMbspacBPMSUerda 4a384.697293bC531t 20002221 aChez Checo, José,d1949-eautor4aut.13aLa telefonía :bpresencia y desarrollo en la República Dominicana /cJosé Chez Checo ; presentación, Jorge Iván Ramírez. 1aSanto Domingo :bCODETEL,c2000. a426 páginas :bilustraciones ; retratos ;c27 cm. atextobtxt2rdacontent asin mediaciónbn2rdamedia avolumenbnc2rdacarrier0 aColección Cultural Codetel,v3 aIncluye datos biográficos del autor en la página 427. aBibliografías : páginas 414-426. aInventariado, 2025/VM 7aEmpresas de telecomunicacioneszRepública Dominicana 7aTelefonozRepública DominicanaxHistoria1 aRamírez, Jorge Iván aVMateo V. Control de calidad. BPMSU 2ddccBK 00102ddc40708CDaBPMETbBPMETd2025-06-23l0oBPMSU CD 384.697293 C531t 2000pBPMSU25060085r2025-06-23w2025-06-23yBK c15192d15192